Statistics for Capitals of European countries- multiple choice

Click here to take the quiz!

General Stats

  • This quiz has been taken 148 times
  • The average score is 22 of 50

Answer Stats

QuestionAnswer% Correct
United KingdomLondon
98%
UkraineKyiv
97%
ItalyRome
96%
NetherlandsAmsterdam
90%
PolandWarsaw
89%
FinlandHelsinki
87%
LiechtensteinVaduz
82%
CroatiaZagreb
81%
AlbaniaTirana
80%
PortugalLisbon
78%
BelgiumBrussels
70%
MontenegroPodgorica
68%
SerbiaBelgrade
67%
LithuaniaVilnius
67%
Vatican CityVatican City
64%
LatviaRiga
61%
MaltaValletta
59%
IcelandReykjavík
55%
AzerbaijanBaku
54%
MonacoMonaco
52%
RomaniaBucharest
51%
BelarusMinsk
50%
ArmeniaYerevan
44%
San MarinoSan Marino
40%
LuxembourgLuxembourg
38%
SloveniaLjubljana
32%
KazakhstanNur-Sultan
32%
Bosnia and HerzegovinaSarajevo
31%
GreeceAthens
29%
GermanyBerlin
29%
FranceParis
29%
MoldovaChișinău
27%
RussiaMoscow
27%
CyprusNicosia
27%
TurkeyAnkara
26%
GeorgiaTbilisi
24%
NorwayOslo
23%
Switzerland (de facto)Berno
21%
Czech RepublicPrague
20%
AustriaVienna
15%
SpainMadrid
13%
SlovakiaBratislava
12%
DenmarkCopenhagen
12%
IrelandDublin
12%
HungaryBudapest
10%
BulgariaSofia
10%
SwedenStockholm
10%
AndorraAndorra la Vella
9%
North Macedonia[Skopje
7%
EstoniaTallinn
5%

Score Distribution

Percentile by Number Answered

Percent of People with Each Score

Your Score History

You have not taken this quiz